|
|
|
|
| LEADER |
00000cam a2200000 7i4500 |
| 001 |
0000004182 |
| 005 |
20190108.0 |
| 020 |
0 |
0 |
|a 9789834336424
|
| 090 |
0 |
0 |
|a 915.9511943
|b KUK
|
| 245 |
1 |
0 |
|a Pulau Kukup :
|b a pictorial view of its beauty
|c Abu Bakar bin Mohamad Salleh
|
| 260 |
0 |
0 |
|a Johor :
|b Stephen Ronee Lau (M) Sdn. Bhd
|
| 300 |
|
|
|a xi, 80 p. :
|b col.ill. ;
|c 22cm x 30cm.
|
| 650 |
0 |
0 |
|a Pulau Kukup---description and travel
|
| 650 |
0 |
0 |
|a Pulau Kukup---history
|
| 998 |
|
|
|a JPSM
|
| 999 |
|
|
|a 008048
|b Monograph
|c Open Shelf
|e Default branch
|
| 999 |
|
|
|a 008049
|b Monograph
|c Open Shelf
|e Default branch
|